Psycho-sekten in Russland und Deutschland; Язык и мировая культура: взгляд молодых исследователей

Bibliographic Details
Parent link:Язык и мировая культура: взгляд молодых исследователей.— 2003.— С. 31
Main Author: Safonowa W.
Language:German
Published: 2003
Subjects:
Format: Book Chapter
KOHA link:https://koha.lib.tpu.ru/cgi-bin/koha/opac-detail.pl?biblionumber=110806

MARC

LEADER 00000naa2a2200000 4500
001 110806
005 20231031120559.0
035 |a (RuTPU)RU\TPU\book\119665 
090 |a 110806 
100 |a 20070301d2003 k y0rusy50 ca 
101 0 |a ger 
102 |a RU 
200 1 |a Psycho-sekten in Russland und Deutschland  |f W. Safonowa 
320 |a Библиогр.: 4 назв. 
463 0 |0 (RuTPU)RU\TPU\book\64056  |y 5-98298-002-1  |t Язык и мировая культура: взгляд молодых исследователей  |o Материалы III Областной научно-практической конференции-конкурса студентов вузов и учащихся старших классов альтернативных учебных заведений, Томск, 24 апреля 2003 г.  |f Томский политехнический университет; Институт языковой коммуникации  |v С. 31  |d 2003  |p 76 с. 
610 1 |a русский язык 
610 1 |a немецкий язык 
610 1 |a Россия 
610 1 |a Германия 
610 1 |a секты 
610 1 |a религиозные группы 
610 1 |a труды учёных ТПУ 
700 1 |a Safonowa  |b W. 
801 1 |a RU  |b 63413507  |c 20070301  |g PSBO 
801 2 |a RU  |b 63413507  |c 20080408  |g PSBO 
942 |c BK